Analýza inovácií procesu a porovnanie konkurencieschopnosti firiem

Konkurencieschopnosť inovácií pri procesoch. Model konkurencieschopnosti. Inovácie procesov-závislosť tržieb od počtu zamestnancov. Inovácie procesov-závislosť produktivity práce od počtu zamestnancov.

Uložené v:
Podrobná bibliografia
Hlavný autor: Arbe, Tatiana
Médium: Kapitola
Jazyk:Slovak
Predmet:
Tagy: Pridať tag
Žiadne tagy, Buďte prvý, kto otaguje tento záznam!

MARC

LEADER 00000naa a2200000 4500
001 0143422
005 20220715093532.2
041 0 |a slo 
044 |a SK 
245 1 0 |a Analýza inovácií procesu a porovnanie konkurencieschopnosti firiem  |c Tatiana Arbe 
520 |a Konkurencieschopnosť inovácií pri procesoch. Model konkurencieschopnosti. Inovácie procesov-závislosť tržieb od počtu zamestnancov. Inovácie procesov-závislosť produktivity práce od počtu zamestnancov. 
610 2 0 |a inovácia 
610 2 0 |a zisťovanie štatistické 
610 2 0 |a analýza komparatívna 
610 2 0 |a konkurencieschopnosť 
610 2 0 |a firmy 
100 1 |a Arbe, Tatiana